| 000 | 00403 a2200133 4500 | ||
|---|---|---|---|
| 003 | Nust | ||
| 005 | 20170207171537.0 | ||
| 040 | _cNust | ||
| 082 | _a799 | ||
| 245 |
_a02-Comdt’s Address to Mil Student officers,Photographs-2016 _cMCS |
||
| 260 |
_aRawalpindi _bMCS _c07-01-2016 |
||
| 650 | _a02-Pictures of Comdt’s Address to Mil Student officers,Photographs-2016,DVD No 26 (Vol-I) | ||
| 651 | _aSweet Memories-MCS | ||
| 942 | _cBK | ||
| 999 |
_c217292 _d217292 |
||